| Поле | Инд. | ПП | Название | Значение |
|---|---|---|---|---|
| Тип записи | a | |||
| Библиографический уровень | m | |||
| 001 | Контрольный номер | 737004f41ec24371a77d8967f61ba06c | ||
| 005 | Дата корректировки | 20250917121117.8 | ||
| 008 | Кодируемые данные | 250902|||||||||ru |||||||||||||||||rus|| | ||
| 020 | a | ISBN | 979-5-603040-67-3 | |
| 041 | 0_ | a | Код языка текста | rus |
| 084 | a | Индекс другой классификации/Индекс ББК | 30н+39.4н+39.41 | |
| 090 | a | Полочн. индекс | 30н | |
| x | Авторский знак | Т 66 | ||
| 203 | a | Вид содержания | Текст | |
| c | Тип средства | непосредственное | ||
| 245 | 10 | a | Заглавие | Требования по обеспечению транспортной безопасности, в том числе требования к антитеррористической защищенности объектов (территорий), учитывающие уровни безопасности для объектов транспортной инфраструктуры морского и внутреннего водного транспорта, не подлежащих категорированию, предназначенных для обслуживания пассажиров и судов морского и (или) внутреннего водного транспорта |
| b | Продолж. заглавия | постановление Правительства РФ от 30.11.2024 № 1687 | ||
| c | Ответственность | Правительство Российской Федерации | ||
| 260 | a | Место издания | Москва | |
| b | Издательство | Моркнига | ||
| c | Дата издания | 2025 | ||
| 300 | a | Объем | 19, [1] с. | |
| 440 | _0 | a | Серия | Охрана труда и безопасность |
| 520 | 0_ | a | Аннотация | Настоящий документ устанавливает требования по обеспечению транспортной безопасности, в том числе требования к антитеррористической защищенности объектов (территорий), учитывающие уровни безопасности для объектов транспортной инфраструктуры морского и внутреннего водного транспорта, не подлежащих категорированию, предназначенных для обслуживания пассажиров и судов морского и (или) внутреннего водного транспорта |
| 650 | 04 | a | Основная рубрика | Транспортная безопасность-Нормативные документы |
| 653 | 0_ | a | Ключевые слова | Водный транспорт |
| a | Ключевые слова | Морской транспорт | ||
| a | Ключевые слова | Транспортная безопасность | ||
| a | Ключевые слова | Транспортная инфраструктура | ||
| 900 | a | Имя макрообъекта | Требования по обеспечению транспортной безопасности. 2025 | |
| 901 | t | Тип документа | m |